The Omega environmental green book.
Guardado en:
| Autor Corporativo: | |
|---|---|
| Formato: | Libro |
| Idioma: | English |
| Publicado: |
[Stamford, CT] :
Omega Engineering, Inc.,
c1995.
|
| Series: | OMEGA complete flow and level measurement handbook & encyclopedia ;
volume 29 |
| Materias: | |
| Etiquetas: |
Agregar Etiqueta
Sin Etiquetas, Sea el primero en etiquetar este registro!
|
| LEADER | 00738nam a22001935a 4500 | ||
|---|---|---|---|
| 001 | EIQ.libpla004089 | ||
| 008 | 080523s1995####ctua#####c####001#0#eng#d | ||
| 005 | 20170210154909.0 | ||
| 245 | 0 | 4 | |a The Omega environmental green book. |
| 260 | |a [Stamford, CT] : |b Omega Engineering, Inc., |c c1995. | ||
| 300 | |a 1 v. (en varias paginaciones) : |b il. (principalmente col.) ; |c 29 cm. | ||
| 440 | 0 | |a OMEGA complete flow and level measurement handbook & encyclopedia ; |v volume 29 | |
| 500 | |a Título tomado de la cubierta. | ||
| 500 | |a Incluye índice. | ||
| 710 | 2 | |a Omega Engineering, Inc. | |
| 082 | 0 | 0 | |a 681/.2 |2 20 |
| 650 | 4 | |a Medio ambiente |x Catálogos | |
| 650 | 4 | |a Environment |x Catalogs | |
| 859 | |a AR-BbSID |b BIB. PLAPIQUI |h 620.0044 |i Om2 |p 6510 |v 29 |3 Vol. 29 | ||
